| 000 | 00730nam a2200121Ia 4500 | ||
|---|---|---|---|
| 008 | 220615s9999||||xx |||||||||||||| ||und|| | ||
| 100 | _aWindzio, Michael||Valk, Helga de||Wingens, Matthias||Aybek, Can | ||
| 245 | 2 | _aA Life-Course Perspective on Migration and Integration | |
| 546 | _aEnglish[eng] | ||
| 650 | _asociology||social sciences||migration||Ethnic group||France||Germany||Labour economics||Life course approach||Youth | ||
| 856 | _uhttps://library.oapen.org/bitstream/20.500.12657/34540/1/413371.pdf||https://library.oapen.org/bitstream/20.500.12657/34540/1/413371.pdf||https://library.oapen.org/bitstream/20.500.12657/34540/1/413371.pdf||https://library.oapen.org/bitstream/20.500.12657/34540/1/413371.pdf | ||
| 942 | _cEB | ||
| 999 |
_c16724 _d16724 |
||